00482 2200193 4500001002100000008004100021035002000062245002700082100001800109260003100127300002100158020002200179084001400201082000800215650001000223990001700233990001900250990001900269INLIS000000000000041 ind  a0010-0724000041 aCewek!!!cEsti Kinasih aKinasih, Esti aJakarta :bGramedia,c2005 a424 hlm.c20 cm. a978-602-03-3779-1 a813 EST c a813 aFiksi aP29/CP/24/41 aP29/CP/24/41.1 aP29/CP/24/41.2